书目信息 |
| 题名: |
吴彤们
|
|
| 作者: | 吴彤 著 | |
| 分册: | ||
| 出版信息: | 北京 作家出版社 2016.3 |
|
| 页数: | 298页 | |
| 开本: | 21cm | |
| 丛书名: | ||
| 单 册: | ||
| 中图分类: | K825.76 | |
| 科图分类: | ||
| 主题词: | 演奏家--yan zou jia--生平事迹--中国--现代 | |
| 电子资源: | ||
| ISBN: | 978-7-5063-8710-1 | |
| 000 | 01084nam0 2200265 450 | |
| 001 | 012000004282 | |
| 005 | 20160312085914.1 | |
| 010 | @a978-7-5063-8710-1@dCNY39.00 | |
| 100 | @a20160311d2016 em y0chiy0121 ea | |
| 101 | 0 | @achi |
| 102 | @aCN@b110000 | |
| 105 | @aa z 000yd | |
| 106 | @ar | |
| 200 | 1 | @a吴彤们@Awu tong men@d= Wu Tong's views@f吴彤著@zeng |
| 210 | @a北京@c作家出版社@d2016.3 | |
| 215 | @a298页@c彩图@d21cm | |
| 314 | @a吴彤, 跨界音乐人, 民乐演奏家 | |
| 330 | @a本书分为《笙音们》《创作们》《朋友们》《往事们》《生活们》《旅途们》六个部分, 吴彤和读者分享了他的创作经历和成果, 记述了与众多音乐家的合作过程, 回顾了他的成长和生活历程。配有近百幅的图片, 生动地呈现了吴彤工作和生活的点点滴滴。特殊的经历, 优美的文字, 精彩的图片, 使得本书具有极强的欣赏性, 读者从中可以近距离地看到一个音乐家的真实生活。 | |
| 510 | 1 | @aWu Tong's views@zeng |
| 600 | 0 | @a吴彤@Awu tong@x生平事迹 |
| 606 | 0 | @a演奏家@Ayan zou jia@x生平事迹@y中国@z现代 |
| 690 | @aK825.76@v5 | |
| 701 | 0 | @a吴彤@Awu tong@4著 |
| 801 | 0 | @aCN@c201605 |
| 905 | @a河南城建学院图书馆@dK825.76@eW872 | |
| 吴彤们= Wu Tong's views/吴彤著.-北京:作家出版社,2016.3 |
| 298页:彩图;21cm |
| ISBN 978-7-5063-8710-1:CNY39.00 |
| 本书分为《笙音们》《创作们》《朋友们》《往事们》《生活们》《旅途们》六个部分, 吴彤和读者分享了他的创作经历和成果, 记述了与众多音乐家的合作过程, 回顾了他的成长和生活历程。配有近百幅的图片, 生动地呈现了吴彤工作和生活的点点滴滴。特殊的经历, 优美的文字, 精彩的图片, 使得本书具有极强的欣赏性, 读者从中可以近距离地看到一个音乐家的真实生活。 |
| ● |
| 相关链接 |
|
|
|
正题名:吴彤们
索取号:K825.76/W872
 
预约/预借
| 序号 | 登录号 | 条形码 | 馆藏地/架位号 | 状态 | 备注 |
| 1 | 1252274 | 212522741 | 社科库309/309社科库 54排4列4层/ [索取号:K825.76/W872] | 在馆 | |
| 2 | 1252275 | 212522750 | 社科库309/309社科库 54排4列4层/ [索取号:K825.76/W872] | 在馆 | |
| 3 | 1252276 | 212522769 | 社科库309/309社科库 54排4列4层/ [索取号:K825.76/W872] | 在馆 |